00618nam a22001817a 450000500170000001000150001702000310003203500140006303700130007708200080009010000200009824500700011826000400018827001270022830000200035550000370037570000240041220220222120021.0 aENG-126347 a978-93-8676-156-9c1995.00 aEN-109879 bDBAD/PUB a535 aChandra, Suresh aA textbook of Optics/cby Suresh Chandra [and] Mohit Kumar Sharma bAne Books Pvt. Ltdc2018aNew Delhi a4821, Parwana Bhawan, 1st Floor, 24 Ansari Road, Darya GanjbNew Delhie110002k23276843-44l23276863mkapoor@anebooks.com a300p.c24cm(hb) aIncludes index and bibliography. aSharma, Kumar Mohit